K otázce "suverenity" ve světle přistoupení k Evropské unii

Pojem a podstata štátnej suverenity. Odvodené a autonómne suverenity. Európska únia a ídea "spoločnej suverenity". Európska integrácia a štátna suverenita.

Salvato in:
Dettagli Bibliografici
Autore principale: Šafránek, Ladislav
Natura: Capitolo di libro
Lingua:ceco
Soggetti:
Tags: Aggiungi Tag
Nessun Tag, puoi essere il primo ad aggiungerne!!

MARC

LEADER 00000naa a2200000 4500
001 r046434
005 20231004105132.9
041 0 |a cze 
044 |a CZ 
245 1 0 |a K otázce "suverenity" ve světle přistoupení k Evropské unii  |c Ladislav Šafránek 
520 |a Pojem a podstata štátnej suverenity. Odvodené a autonómne suverenity. Európska únia a ídea "spoločnej suverenity". Európska integrácia a štátna suverenita. 
610 2 0 |a suverenita štátna 
610 2 0 |a Európska únia 
610 2 0 |a štát 
610 2 0 |a organizácie medzinárodné 
610 2 0 |a Česko 
100 1 |a Šafránek, Ladislav